Paintball - Statistics

General Stats
  • This quiz has been taken 2 times
  • The average score is 6 of 16
Answer Stats
Picture Answer % Correct
Israel
100%
Poland
100%
Belize
50%
Bolivia
50%
Brazil
50%
Georgia
50%
Indonesia
50%
Ireland
50%
Tonga
50%
Tunisia
50%
France
0%
Marshal islands
0%
Samoa
0%
Saudi Arabia
0%
Tuvalu
0%
Vanuatu
0%
No matching quizzes found
Score Distribution
Percent of People with Each Score
Percentile by Number Answered
Your Score History
You have not taken this quiz